[Event "Scarborough CC LH Summer op"]
[Site "Toronto CAN"]
[Date "2010.05.20"]
[Round "3"]
[White "Yuan, Yuanling"]
[Black "Peng, Bill"]
[Result "0-1"]
[WhiteElo "2330"]
[BlackElo "2186"]
[PlyCount "63"]
[EventDate "2010.04.29"]
[EventType "swiss"]
[EventRounds "8"]
[EventCountry "CAN"]

1. e4 e6 2. d4 d5 3. Nc3 Nf6 4. e5 Nfd7 5. f4 c5 6. Nf3 Nc6 7. Be3 a6 8. Qd2 b5
9. Ne2 h5 10. Neg1 Bb7 11. Nh3 cxd4 12. Nxd4 Nxd4 13. Bxd4 Nc5 14. Nf2 Rc8 15.
Be2 Ne4 16. Qd3 Bc5 17. Bxc5 Rxc5 18. O-O Qb6 19. Rad1 Rc4 20. g3 g5 21. fxg5
Nxg5 22. h4 Ne4 23. Kg2 Qc7 24. c3 Qxe5 25. Qf3 Nd6 26. Nd3 Qg7 27. Kh2 Nf5 28.
Qf2 Re4 29. Bf3 Re3 30. Rfe1 Rxe1 31. Rxe1 Rg8 32. Rg1 0-1

[Event "Scarborough CC LH Summer op"]
[Site "Toronto CAN"]
[Date "2010.05.27"]
[Round "4"]
[White "Al Ganabi, Yasir"]
[Black "Jizan, Masoud"]
[Result "0-1"]
[WhiteElo "1364"]
[BlackElo "1772"]
[PlyCount "59"]
[EventDate "2010.04.29"]
[EventType "swiss"]
[EventRounds "8"]
[EventCountry "CAN"]

1. e4 e5 2. Nf3 Nc6 3. Nc3 Nd4 4. Nxe5 d6 5. Nf3 Bg4 6. Be2 Bxf3 7. Bxf3 Nf6 8.
O-O Be7 9. Re1 Nd7 10. Bh5 Bg5 11. Na4 Qf6 12. c3 Ne6 13. d4 b5 14. d5 Nf4 15.
Bg4 Ne5 16. Bxf4 Qxf4 17. Bf5 g6 18. Bh3 O-O 19. g3 Qf3 20. Qd4 bxa4 21. Qxa4
Rab8 22. b4 Qh5 23. Bd7 Nf3+ 24. Kg2 Nxe1+ 25. Rxe1 Bd2 26. Rb1 Bxc3 27. b5 Qe2
28. Bc6 a5 29. Rc1 Bb4 30. Bd7 0-1

[Event "Scarborough CC LH Summer op"]
[Site "Toronto CAN"]
[Date "2010.05.27"]
[Round "4"]
[White "Armstrong, Robert J"]
[Black "Azizi, Hamid"]
[Result "1-0"]
[WhiteElo "1764"]
[BlackElo "1556"]
[PlyCount "63"]
[EventDate "2010.04.29"]
[EventType "swiss"]
[EventRounds "8"]
[EventCountry "CAN"]

1. d4 c6 2. c4 d5 3. e3 Bf5 4. Nf3 e6 5. Bd3 Bb4+ 6. Nc3 Ne7 7. O-O O-O 8. a3
Ba5 9. b4 Bc7 10. Bb2 Nd7 11. Bxf5 Nxf5 12. cxd5 exd5 13. e4 Ne7 14. e5 Nb6 15.
Qc2 Rc8 16. Rae1 Re8 17. Bc1 Ng6 18. Ng5 Qd7 19. f4 Nc4 20. f5 Ngxe5 21. dxe5
Bxe5 22. Qd3 b5 23. f6 g6 24. Nce4 Qc7 25. Qh3 h5 26. Nc5 Bxf6 27. Rxe8+ Rxe8
28. Rxf6 Re1+ 29. Rf1 Rxc1 30. Rxc1 Qf4 31. Qc8+ Kg7 32. Nce6+ 1-0

[Event "Scarborough CC LH Summer op"]
[Site "Toronto CAN"]
[Date "2010.06.03"]
[Round "4"]
[White "Armstrong, Robert J"]
[Black "Ferreira, Alex"]
[Result "1/2-1/2"]
[WhiteElo "1764"]
[BlackElo "2067"]
[PlyCount "106"]
[EventDate "2010.04.29"]
[EventType "swiss"]
[EventRounds "8"]
[EventCountry "CAN"]

1. d4 d6 2. c4 e5 3. d5 f5 4. Nc3 Nf6 5. Qc2 Be7 6. Bg5 O-O 7. Bxf6 Bxf6 8. e4
fxe4 9. Nxe4 Bf5 10. Bd3 Nd7 11. h3 g6 12. Ne2 Bxe4 13. Bxe4 Nc5 14. Ng3 Qd7
15. b4 Nxe4 16. Nxe4 Qf5 17. Nxf6+ Rxf6 18. Qxf5 Rxf5 19. O-O Rf4 20. Rac1 a5
21. b5 b6 22. f3 Raf8 23. Rfe1 Kg7 24. Re4 Kh6 25. Rce1 g5 26. Kf2 Kg6 27. Rxf4
gxf4 28. g4 fxg3+ 29. Kxg3 Kf5 30. Re4 h5 31. h4 Rg8+ 32. Kf2 Rg7 33. Kf1 Kg6
34. Kf2 Rf7 35. Ke3 Rf8 36. Ke2 a4 37. a3 Kf6 38. Ke3 Ke7 39. Ke2 Rg8 40. Kf2
Rg7 41. Kf1 Rg6 42. Kf2 Rg8 43. Kf1 Rb8 44. Ke2 Kf6 45. Ke3 Kf5 46. Ke2 Rg8 47.
Kf2 Kg6 48. Ke2 Rf8 49. Ke3 Rf6 50. Ke2 Rf5 51. Ke3 Kf6 52. Ke2 Kg7 53. Ke3 Rf8
1/2-1/2

[Event "Scarborough CC LH Summer op"]
[Site "Toronto CAN"]
[Date "2010.05.27"]
[Round "4"]
[White "Bellissimo, Joseph"]
[Black "Southam, David"]
[Result "0-1"]
[WhiteElo "1742"]
[BlackElo "2119"]
[PlyCount "102"]
[EventDate "2010.04.29"]
[EventType "swiss"]
[EventRounds "8"]
[EventCountry "CAN"]

1. e4 e6 2. d4 d5 3. e5 c5 4. c3 Nc6 5. Nf3 Bd7 6. Bd3 cxd4 7. cxd4 Qb6 8. O-O
Nxd4 9. Nxd4 Qxd4 10. Nc3 a6 11. Kh1 Ne7 12. f4 Nc6 13. Qe2 Nb4 14. Rd1 Nxd3
15. Rxd3 Qb6 16. Be3 Bc5 17. Bxc5 Qxc5 18. Qg4 g6 19. Rad1 Bc6 20. Qg5 Qe7 21.
Qh6 O-O-O 22. Qh3 Kb8 23. Qe3 Rc8 24. Qb6 f5 25. Rd4 g5 26. Ne2 h6 27. a3 Qc7
28. Qb4 Be8 29. Re1 Qc5 30. Qd2 Bh5 31. Ng3 Bg6 32. Ne2 Qe7 33. Rb4 Rc7 34. Nd4
Rhc8 35. Rb6 Bf7 36. b4 Rc4 37. h3 g4 38. Re3 h5 39. Rd6 h4 40. Ne2 Rc2 41. Qe1
g3 42. Rc3 R8xc3 43. Nxc3 Qc7 44. Nd1 Bh5 45. Qe3 Bxd1 46. Kg1 Be2 47. Qxe2
Rxe2 48. Rd8+ Ka7 49. Ra8+ Kxa8 50. Kf1 Rf2+ 51. Ke1 Qc1# 0-1

[Event "Scarborough CC LH Summer op"]
[Site "Toronto CAN"]
[Date "2010.05.27"]
[Round "4"]
[White "Bzikot, Robert"]
[Black "Yuan, Yuanling"]
[Result "0-1"]
[WhiteElo "1943"]
[BlackElo "2330"]
[PlyCount "82"]
[EventDate "2010.04.29"]
[EventType "swiss"]
[EventRounds "8"]
[EventCountry "CAN"]

1. e4 c5 2. Nf3 d6 3. d4 cxd4 4. Nxd4 Nf6 5. Nc3 g6 6. Be3 Bg7 7. Qd2 Ng4 8.
Bb5+ Nd7 9. Bg5 h6 10. Bh4 a6 11. Ba4 b5 12. Nd5 Ndf6 13. Bb3 g5 14. f3 Ne5 15.
Bg3 Bd7 16. h4 g4 17. Nxf6+ Bxf6 18. f4 Nc4 19. Bxc4 bxc4 20. e5 dxe5 21. fxe5
Bg7 22. O-O O-O 23. Kh2 Qb6 24. c3 Rac8 25. Rf2 Rc5 26. Qe3 Ra5 27. a3 Qg6 28.
e6 fxe6 29. Rxf8+ Kxf8 30. Qf4+ Kg8 31. Qb8+ Kh7 32. Qc7 Rd5 33. Qxc4 Qh5 34.
Ne2 Bb5 35. Qe4+ Qf5 36. Qxf5+ exf5 37. Nf4 Rd2 38. b4 Bxc3 39. Rc1 Bf6 40. Rc5
Bd7 41. Ra5 Rd6 0-1

[Event "Scarborough CC LH Summer op"]
[Site "Toronto CAN"]
[Date "2010.05.27"]
[Round "4"]
[White "Cale, Ferdinand"]
[Black "Gillis, Doug"]
[Result "1-0"]
[WhiteElo "1784"]
[BlackElo "1633"]
[PlyCount "81"]
[EventDate "2010.04.29"]
[EventType "swiss"]
[EventRounds "8"]
[EventCountry "CAN"]

1. f4 d5 2. d4 Nf6 3. Nf3 Bf5 4. e3 e6 5. Bd3 Bxd3 6. Qxd3 c5 7. Qb5+ Qd7 8.
Qxd7+ Nbxd7 9. O-O Rc8 10. c3 cxd4 11. exd4 Ne4 12. Nbd2 Ndf6 13. Nxe4 Nxe4 14.
Be3 b5 15. a3 Nd6 16. Nd2 Nc4 17. Nxc4 bxc4 18. Rae1 g6 19. Bc1 Kd7 20. g4 Re8
21. f5 gxf5 22. gxf5 Rg8+ 23. Kh1 Be7 24. fxe6+ fxe6 25. Rf7 Ref8 26. Rxh7 Ke8
27. Be3 Rf7 28. Rxf7 Kxf7 29. Rg1 Rb8 30. Rg2 Bd6 31. Rf2+ Kg6 32. Kg2 Rh8 33.
h3 Rh4 34. Bd2 Re4 35. Kf3 e5 36. Rg2+ Kh7 37. Rg4 Rxg4 38. Kxg4 exd4 39. cxd4
Bh2 40. Kf5 a6 41. Ke6 1-0

[Event "Scarborough CC LH Summer op"]
[Site "Toronto CAN"]
[Date "2010.05.27"]
[Round "4"]
[White "Casareno, Erwin"]
[Black "Radpey, Abdolreza"]
[Result "1-0"]
[WhiteElo "2156"]
[BlackElo "1587"]
[PlyCount "84"]
[EventDate "2010.04.29"]
[EventType "swiss"]
[EventRounds "8"]
[EventCountry "CAN"]

1. e4 c5 2. Nf3 Nc6 3. Nc3 e5 4. Bb5 d6 5. d3 Bd7 6. O-O Nf6 7. h3 Be7 8. Nh2
O-O 9. f4 a6 10. Bc4 b5 11. Bb3 Qb6 12. Be3 Nd4 13. Nd5 Nxd5 14. Bxd5 Bc6 15.
f5 Bxd5 16. exd5 Qb7 17. c3 Qxd5 18. cxd4 cxd4 19. Bd2 f6 20. Ng4 Rf7 21. Nf2
g5 22. fxg6 hxg6 23. a4 f5 24. axb5 Qxb5 25. b4 Bd8 26. Qf3 d5 27. Qg3 f4 28.
Qxg6+ Rg7 29. Qe6+ Rf7 30. Qxe5 Bc7 31. Qxd4 Bb6 32. Qc3 Re8 33. Rae1 Rxe1 34.
Rxe1 Qd7 35. Qe5 Bxf2+ 36. Kxf2 Qa7+ 37. d4 Qb7 38. Qg5+ Rg7 39. Re8+ Kf7 40.
Qh5+ Kf6 41. Qe5+ Kg6 42. Re6+ Kf7 1-0

[Event "Scarborough CC LH Summer op"]
[Site "Toronto CAN"]
[Date "2010.05.27"]
[Round "4"]
[White "Conte, Mike"]
[Black "Ugodnikov, Arkadiy"]
[Result "0-1"]
[WhiteElo "1907"]
[BlackElo "1852"]
[PlyCount "61"]
[EventDate "2010.04.29"]
[EventType "swiss"]
[EventRounds "8"]
[EventCountry "CAN"]

1. e4 e5 2. Nf3 Nc6 3. Nc3 Nf6 4. g3 d5 5. exd5 Nxd5 6. Nxd5 Qxd5 7. Bg2 Qe4+
8. Qe2 Qxe2+ 9. Kxe2 Bf5 10. c3 Be7 11. Re1 Bf6 12. d4 exd4 13. Kf1+ Be6 14.
cxd4 O-O-O 15. Be3 Nxd4 16. Nxd4 Bxd4 17. Bf4 Rhe8 18. Kg1 f6 19. Rad1 Bf7 20.
Rxe8 Bxe8 21. Bh3+ Kb8 22. Rd2 a5 23. Be3 c5 24. Bf4+ Ka7 25. Bc7 Rd5 26. Be6
Rh5 27. g4 Rh6 28. Kg2 Bc6+ 29. Kg3 Be5+ 30. Bxe5 fxe5 31. Bd5 0-1

[Event "Scarborough CC LH Summer op"]
[Site "Toronto CAN"]
[Date "2010.05.27"]
[Round "4"]
[White "Ferreira, Alex"]
[Black "Manalo, Pepin"]
[Result "0-1"]
[WhiteElo "2067"]
[BlackElo "1879"]
[PlyCount "107"]
[EventDate "2010.04.29"]
[EventType "swiss"]
[EventRounds "8"]
[EventCountry "CAN"]

1. e4 c5 2. Nf3 d6 3. c3 Nf6 4. Be2 Nc6 5. O-O Nxe4 6. d4 d5 7. Be3 e6 8. Nbd2
Nxd2 9. Qxd2 c4 10. b3 cxb3 11. axb3 Bd7 12. c4 Bb4 13. Qc2 a6 14. cxd5 exd5
15. Bd3 h6 16. Bf5 Rc8 17. Bxd7+ Qxd7 18. Qd3 O-O 19. h3 Rfe8 20. Nh2 Re4 21.
f3 Re6 22. f4 Rce8 23. Bf2 Re4 24. f5 Qxf5 25. Rac1 Qe6 26. Nf3 Ba5 27. Kh1 Bb6
28. Rxc6 Qxc6 29. Ne5 Qe6 30. Rd1 Rxe5 31. dxe5 Bxf2 32. Qf3 Bc5 33. Rxd5 b6
34. Qd3 a5 35. Qc4 Qf5 36. Qe2 Re6 37. g4 Qb1+ 38. Rd1 Qxb3 39. Kg2 Re8 40. Qe4
Qb2+ 41. Kh1 Qxe5 42. Qc2 Qe3 43. Qg2 a4 44. Qc6 Qe4+ 45. Qxe4 Rxe4 46. Rd8+
Kh7 47. Ra8 a3 48. Kg2 Re2+ 49. Kf3 Rf2+ 50. Ke4 a2 51. h4 g5 52. hxg5 hxg5 53.
Kd5 Rd2+ 54. Kc4 0-1

[Event "Scarborough CC LH Summer op"]
[Site "Toronto CAN"]
[Date "2010.05.27"]
[Round "4"]
[White "Hahnewald, Uwe"]
[Black "Stein, Mickey"]
[Result "0-1"]
[WhiteElo "1871"]
[BlackElo "1978"]
[PlyCount "50"]
[EventDate "2010.04.29"]
[EventType "swiss"]
[EventRounds "8"]
[EventCountry "CAN"]

1. Nf3 d5 2. g3 Bg4 3. Bg2 Nd7 4. d4 c6 5. O-O Ngf6 6. c4 e6 7. Qc2 Be7 8. b3
O-O 9. Nbd2 Bf5 10. Qd1 Ne4 11. Bb2 Nxd2 12. Nxd2 Bf6 13. e4 dxe4 14. Nxe4 Be7
15. Re1 Nf6 16. Nc3 Qc7 17. Qe2 Rfe8 18. Rad1 Bg4 19. f3 Bf5 20. Qe3 Bg6 21.
Kh1 Rad8 22. Re2 a6 23. Na4 Qb8 24. Nb6 Bd6 25. f4 Bc7 0-1

[Event "Scarborough CC LH Summer op"]
[Site "Toronto CAN"]
[Date "2010.05.27"]
[Round "4"]
[White "Huston, Scott"]
[Black "Mesiti, Silvano"]
[Result "1-0"]
[WhiteElo "1666"]
[BlackElo "1692"]
[PlyCount "63"]
[EventDate "2010.04.29"]
[EventType "swiss"]
[EventRounds "8"]
[EventCountry "CAN"]

1. d4 d5 2. c4 dxc4 3. Nf3 Nf6 4. e3 e6 5. Bxc4 Bb4+ 6. Nbd2 O-O 7. O-O b6 8.
a3 Bxd2 9. Bxd2 Bb7 10. Rc1 Nbd7 11. Re1 Ne4 12. Qc2 Nxd2 13. Nxd2 c5 14. dxc5
Nxc5 15. b4 Nd7 16. Ne4 Nf6 17. Nxf6+ Qxf6 18. Bd3 g6 19. Qc7 Rab8 20. Red1
Rfc8 21. Qd7 Rd8 22. Qa4 Qg5 23. Bf1 Rxd1 24. Rxd1 a5 25. bxa5 Ra8 26. Qd7 Bd5
27. axb6 Rb8 28. Qb5 Qg4 29. Rc1 Qe4 30. a4 f5 31. Qd7 Rf8 32. Rc7 1-0

[Event "Scarborough CC LH Summer op"]
[Site "Toronto CAN"]
[Date "2010.05.27"]
[Round "4"]
[White "Lin, Tony (Juntao)"]
[Black "Graham, John"]
[Result "1-0"]
[WhiteElo "1780"]
[BlackElo "1483"]
[PlyCount "47"]
[EventDate "2010.04.29"]
[EventType "swiss"]
[EventRounds "8"]
[EventCountry "CAN"]

1. e4 e5 2. Nf3 Nc6 3. Bb5 d6 4. d4 Bd7 5. O-O exd4 6. Bxc6 bxc6 7. Qxd4 c5 8.
Qd3 a6 9. Nc3 f6 10. h3 Ne7 11. Bf4 Ng6 12. Bg3 Qc8 13. Rae1 Ne5 14. Nxe5 fxe5
15. f4 exf4 16. Rxf4 g6 17. e5 Kd8 18. Bh4+ Be7 19. Bxe7+ Kxe7 20. exd6+ Kd8
21. Qe3 cxd6 22. Nd5 Qb7 23. Qe7+ Kc8 24. Rf8+ 1-0

[Event "Scarborough CC LH Summer op"]
[Site "Toronto CAN"]
[Date "2010.05.27"]
[Round "4"]
[White "Maister, Martin"]
[Black "Pedersen, Rune"]
[Result "0-1"]
[WhiteElo "1864"]
[BlackElo "2342"]
[PlyCount "106"]
[EventDate "2010.04.29"]
[EventType "swiss"]
[EventRounds "8"]
[EventCountry "CAN"]

1. Nf3 c5 2. c4 g6 3. g3 b6 4. Nc3 Bg7 5. Bg2 Bb7 6. O-O Nf6 7. Re1 d5 8. cxd5
Nxd5 9. Qa4+ Bc6 10. Qb3 O-O 11. d3 Nc7 12. Be3 e5 13. a4 Nba6 14. Nd2 Bxg2 15.
Kxg2 Kh8 16. Nde4 h6 17. Nb5 Nb4 18. Nxc7 Qxc7 19. a5 f5 20. axb6 axb6 21. Nc3
Rad8 22. Bd2 f4 23. f3 Qb7 24. Nb5 e4 25. Bxb4 exf3+ 26. exf3 fxg3 27. Re4 cxb4
28. hxg3 Qd5 29. Qxd5 Rxd5 30. Rxb4 Rxd3 31. Nc3 Rd2+ 32. Kh3 Rxb2 33. Rxb2
Bxc3 34. Rxb6 Bxa1 35. Rxg6 Bg7 36. f4 Kh7 37. Ra6 Rd8 38. Kg4 Rd5 39. Rc6 Bf8
40. Rc7+ Kg6 41. Rc8 Bg7 42. Rc6+ Bf6 43. Ra6 Rd3 44. f5+ Kf7 45. Ra7+ Be7 46.
Rb7 Kf6 47. Rb6+ Bd6 48. Kh5 Kxf5 49. g4+ Kf6 50. Kh4 Kf7 51. Ra6 Be7+ 52. g5
hxg5+ 53. Kh5 Rd4 0-1

[Event "Scarborough CC LH Summer op"]
[Site "Toronto CAN"]
[Date "2010.05.27"]
[Round "4"]
[White "Morra, Lui"]
[Black "Super, Russell"]
[Result "0-1"]
[WhiteElo "1706"]
[BlackElo "1430"]
[PlyCount "74"]
[EventDate "2010.04.29"]
[EventType "swiss"]
[EventRounds "8"]
[EventCountry "CAN"]

1. e4 c5 2. Nf3 Nc6 3. d4 cxd4 4. Nxd4 g6 5. Bc4 Bg7 6. Be3 Nf6 7. Nc3 O-O 8.
f3 d6 9. Nb3 a6 10. Qd2 Qc7 11. h4 h5 12. O-O-O b5 13. Be2 Be6 14. Nd5 Bxd5 15.
exd5 Ne5 16. g4 Nc4 17. Bxc4 bxc4 18. Nd4 Rfb8 19. Nc6 Rxb2 20. Bd4 Rb5 21.
gxh5 Qb7 22. Qg2 Bh6+ 23. Qg5 Bxg5+ 24. hxg5 Rb1+ 25. Kd2 Rxd1+ 26. Rxd1 Nxd5
27. Nxe7+ Qxe7 28. f4 Qe4 29. Kc1 Qxf4+ 30. Kb1 Rb8+ 31. Ka1 Nb4 32. Kb2 Nd3+
33. Kc3 Qf3 34. h6 Nf2+ 35. Kd2 Qxd1+ 36. Kc3 Qa1+ 37. Kxc4 Rb4+ 0-1

[Event "Scarborough CC LH Summer op"]
[Site "Toronto CAN"]
[Date "2010.05.27"]
[Round "4"]
[White "Moysoski, Randy"]
[Black "Kurkowski, Ken"]
[Result "1-0"]
[WhiteElo "1955"]
[BlackElo "1630"]
[PlyCount "82"]
[EventDate "2010.04.29"]
[EventType "swiss"]
[EventRounds "8"]
[EventCountry "CAN"]

1. e4 e6 2. Nf3 d5 3. Nc3 Nf6 4. e5 Nfd7 5. d4 c5 6. Bd3 Nc6 7. O-O cxd4 8. Ne2
Bc5 9. Bf4 O-O 10. Bb5 Qb6 11. Bxc6 bxc6 12. Rb1 Ba6 13. Re1 d3 14. cxd3 Bxf2+
15. Kh1 Bxe1 16. Nxe1 f6 17. exf6 Rxf6 18. Nf3 Re8 19. Qd2 e5 20. Be3 Qb5 21.
Rd1 Qxd3 22. Qxd3 Bxd3 23. Nc1 Be4 24. Nd2 Nb6 25. b3 Ref8 26. Kg1 Bc2 27. Re1
d4 28. Bg5 Rf5 29. Be7 Re8 30. Bc5 Kf7 31. a4 Nxa4 32. bxa4 Bxa4 33. Nc4 Rd8
34. Nxe5+ Rxe5 35. Rxe5 d3 36. Nxd3 Rxd3 37. Re7+ Kg6 38. Bxa7 Rd1+ 39. Kf2 Rc1
40. Bd4 Rc2+ 41. Ke3 Rxg2 1-0

[Event "Scarborough CC LH Summer op"]
[Site "Toronto CAN"]
[Date "2010.05.27"]
[Round "4"]
[White "Peng, Bill"]
[Black "Picana, Andrew"]
[Result "1-0"]
[WhiteElo "2186"]
[BlackElo "2114"]
[PlyCount "103"]
[EventDate "2010.04.29"]
[EventType "swiss"]
[EventRounds "8"]
[EventCountry "CAN"]

1. e4 e6 2. d4 d5 3. Nc3 Bb4 4. e5 c5 5. a3 Bxc3+ 6. bxc3 Ne7 7. Nf3 Qa5 8. Bd2
c4 9. Be2 Nbc6 10. O-O Bd7 11. g3 O-O-O 12. Qb1 h6 13. a4 a6 14. Qb2 Rdg8 15.
Rfb1 Qc7 16. Qb6 g5 17. Bc1 Nf5 18. g4 Qxb6 19. Rxb6 Nfe7 20. Ba3 Ng6 21. Nd2
Nd8 22. Bf3 Bxa4 23. Bd6 Bb5 24. Nb1 Nh4 25. Be2 h5 26. gxh5 g4 27. Be7 Nf3+
28. Kg2 Rxh5 29. Bxf3 gxf3+ 30. Kxf3 Rh3+ 31. Ke2 Kc7 32. Rxb5 axb5 33. Ra8 Kd7
34. Bf6 b4 35. cxb4 Re8 36. b5 Kc7 37. b6+ Kd7 38. Rb8 Rxh2 39. Nc3 Rh1 40. Na4
Rhh8 41. Nc5+ Kc6 42. Bxh8 Rxh8 43. Nxb7 Kd7 44. Rxd8+ Rxd8 45. Nxd8 Kxd8 46.
Kf3 Kd7 47. Kg4 Kc6 48. Kg5 Kxb6 49. Kf6 Kb5 50. Kxf7 Kb4 51. Kxe6 Kc3 52. Kxd5
1-0

[Event "Scarborough CC LH Summer op"]
[Site "Toronto CAN"]
[Date "2010.05.27"]
[Round "4"]
[White "Verde, Pino"]
[Black "Posaratnanathan, Juliaan"]
[Result "1/2-1/2"]
[WhiteElo "1805"]
[BlackElo "1678"]
[PlyCount "103"]
[EventDate "2010.04.29"]
[EventType "swiss"]
[EventRounds "8"]
[EventCountry "CAN"]

1. e4 c5 2. Nf3 Nc6 3. d4 cxd4 4. Nxd4 Nf6 5. Nc3 d6 6. Bc4 Bd7 7. Bb3 a6 8. f3
e6 9. Be3 Be7 10. Qd2 Rc8 11. g4 h6 12. O-O-O Nxd4 13. Bxd4 b5 14. h4 a5 15. a4
e5 16. Be3 bxa4 17. Nxa4 Be6 18. Bd5 Bxd5 19. exd5 Qc7 20. Nb6 Rb8 21. Qxa5 Nd7
22. Rd3 Nxb6 23. Rc3 Qd8 24. Rb3 Nd7 25. Rxb8 Qxb8 26. b4 O-O 27. g5 h5 28. c3
Qa8 29. Qxa8 Rxa8 30. Kb2 Bd8 31. Ra1 Rxa1 32. Kxa1 Bb6 33. Bxb6 Nxb6 34. Kb2
Nxd5 35. Kc2 Kf8 36. Kd3 Ke7 37. b5 Kd7 38. c4 Nb6 39. Kc3 Kc7 40. Kb4 d5 41.
c5 d4 42. cxb6+ Kxb6 43. Kc4 f6 44. gxf6 gxf6 45. f4 exf4 46. Kxd4 Kxb5 47. Ke4
f3 48. Kxf3 Kc5 49. Kf4 Kd6 50. Kf5 Ke7 51. Kg6 Kf8 52. Kxf6 1/2-1/2

[Event "Scarborough CC LH Summer op"]
[Site "Toronto CAN"]
[Date "2010.05.27"]
[Round "4"]
[White "Ward, Dean"]
[Black "Bellomo, Joe"]
[Result "1/2-1/2"]
[WhiteElo "1840"]
[BlackElo "1742"]
[PlyCount "77"]
[EventDate "2010.04.29"]
[EventType "swiss"]
[EventRounds "8"]
[EventCountry "CAN"]

1. d4 Nf6 2. c4 e6 3. Nc3 b6 4. Nf3 Bb7 5. e3 Be7 6. Be2 O-O 7. O-O d6 8. a3
Nbd7 9. b4 a5 10. Bb2 axb4 11. axb4 d5 12. c5 bxc5 13. dxc5 Qb8 14. Nd4 Ne5 15.
Nb3 Ng6 16. Bd3 Rxa1 17. Qxa1 Ba8 18. b5 Ne5 19. Be2 Nc4 20. c6 Nxb2 21. Qxb2
Ne8 22. e4 Nf6 23. e5 Ne4 24. Nxe4 dxe4 25. Qd4 Bxc6 26. bxc6 Qxb3 27. Qxe4 Rd8
28. Rb1 Qa2 29. Bd3 g6 30. g3 Qd2 31. Be2 Bc5 32. Rd1 Rd4 33. Qf3 Qb4 34. Rxd4
Qxd4 35. Qf6 Bb6 36. h3 Qd2 37. Bg4 Qc1+ 38. Kh2 Qxc6 39. Qd8+ 1/2-1/2

[Event "Scarborough CC LH Summer op"]
[Site "Toronto CAN"]
[Date "2010.05.27"]
[Round "4"]
[White "Wu, Kevin"]
[Black "Hall, John"]
[Result "1/2-1/2"]
[WhiteElo "1920"]
[BlackElo "2238"]
[PlyCount "86"]
[EventDate "2010.04.29"]
[EventType "swiss"]
[EventRounds "8"]
[EventCountry "CAN"]

1. e4 e5 2. Nf3 Nc6 3. Bb5 a6 4. Ba4 Nf6 5. O-O Be7 6. Re1 b5 7. Bb3 d6 8. h3
O-O 9. c3 Bb7 10. d4 Qd7 11. Nbd2 Rae8 12. Nf1 exd4 13. cxd4 Na5 14. Bc2 d5 15.
Ng3 Nxe4 16. Ne5 Qd8 17. Nxe4 dxe4 18. Bxe4 Bxe4 19. Rxe4 Qd5 20. Qc2 f5 21.
Re2 Bd6 22. Nf3 Qc4 23. Qxc4+ Nxc4 24. Rxe8 Rxe8 25. b3 Nb6 26. Bd2 Kf7 27. Kf1
h6 28. Rc1 Nd5 29. Rc6 Rc8 30. g3 Ke6 31. Ke2 Ne7 32. Rc1 Kd5 33. Kd3 Nc6 34.
Bc3 a5 35. Nh4 f4 36. Ng2 g5 37. gxf4 gxf4 38. Bd2 Nb4+ 39. Ke2 Re8+ 40. Kf3
Nd3 41. Rd1 Kxd4 42. Bxa5 Ra8 43. Be1 Rxa2 1/2-1/2

[Event "Scarborough CC LH Summer op"]
[Site "Toronto CAN"]
[Date "2010.05.27"]
[Round "4"]
[White "Yusuf, Magas"]
[Black "Al Ganabi, Haqi"]
[Result "1-0"]
[WhiteElo "1820"]
[BlackElo "1965"]
[PlyCount "98"]
[EventDate "2010.04.29"]
[EventType "swiss"]
[EventRounds "8"]
[EventCountry "CAN"]

1. d4 Nf6 2. c4 e5 3. dxe5 Ng4 4. Nf3 Nc6 5. Bf4 Bb4+ 6. Nbd2 Qe7 7. a3 Bxd2+
8. Qxd2 Ngxe5 9. Nxe5 Nxe5 10. Qd5 f6 11. e3 d6 12. Rd1 Rb8 13. Be2 a6 14. O-O
Be6 15. Qd4 O-O 16. Bg3 Kh8 17. b4 Bf7 18. Rd2 Nc6 19. Qc3 Rfe8 20. Rfd1 Ne5
21. h3 Qe6 22. Rd4 Nc6 23. R4d2 Ne5 24. Rd4 Kg8 25. c5 Nc6 26. R4d2 dxc5 27.
Qxc5 Re7 28. Bg4 Qc4 29. Qxc4 Bxc4 30. Rd7 Rxd7 31. Rxd7 Rd8 32. Rxd8+ Nxd8 33.
Bxc7 Ne6 34. Bb6 Bd5 35. Be2 Bc6 36. f3 Kf8 37. Kf2 Ke7 38. Bc4 Kd6 39. Ke2 Ba4
40. Kd2 Bc6 41. Bd3 g6 42. Kc3 f5 43. Bc4 g5 44. Bd3 g4 45. hxg4 fxg4 46. fxg4
h6 47. Bf1 Be4 48. Bd4 Bc6 49. Bf6 Nc7 1-0

[Event "Scarborough CC LH Summer op"]
[Site "Toronto CAN"]
[Date "2010.06.03"]
[Round "5"]
[White "Bao, Stephen"]
[Black "Conte, Mike"]
[Result "1-0"]
[WhiteElo "1684"]
[BlackElo "1907"]
[PlyCount "137"]
[EventDate "2010.04.29"]
[EventType "swiss"]
[EventRounds "8"]
[EventCountry "CAN"]

1. e4 c6 2. d4 d5 3. Nc3 dxe4 4. Nxe4 Bf5 5. Ng3 Bg6 6. h4 h6 7. Nf3 Nd7 8. h5
Bh7 9. Bd3 Bxd3 10. Qxd3 e6 11. Bd2 Ngf6 12. O-O Bd6 13. Ne4 Nxe4 14. Qxe4 Nf6
15. Qh4 Qb6 16. Rab1 Qb5 17. g4 Qd5 18. Kg2 Qe4 19. g5 hxg5 20. Bxg5 Qxh4 21.
Bxh4 Nxh5 22. Rg1 f6 23. Bg3 Nxg3 24. fxg3 Kf7 25. Rgf1 Rh5 26. g4 Rh6 27. Rbe1
Ke7 28. Re4 Kd7 29. g5 Rh5 30. gxf6 gxf6 31. Rg4 Rh7 32. Rg6 Ke7 33. Kf2 Kf7
34. Rfg1 Rah8 35. Ke3 Bf8 36. R6g2 Rh3 37. Ke2 R8h5 38. Rf1 Ke7 39. Rff2 Rg5
40. b3 c5 41. c3 cxd4 42. cxd4 Ra5 43. Kd3 Rf5 44. Ke2 e5 45. dxe5 fxe5 46. Ke3
Kf6 47. Ke2 Bc5 48. Rf1 e4 49. Nd2 Re3+ 50. Kd1 Rxf1+ 51. Nxf1 Rf3 52. Ke2 Rc3
53. Nd2 Rc2 54. Kd1 Rxd2+ 55. Kxd2 Kf5 56. Ke2 Kf4 57. Rg7 b5 58. Rd7 Ke5 59.
Rh7 Bb6 60. Rh5+ Kd4 61. Rxb5 Kc3 62. a4 Kb2 63. a5 Bd4 64. a6 Kc3 65. Rb7 Bc5
66. Rb5 Bd4 67. b4 Kc4 68. Rb7 Kb3 69. b5 1-0

[Event "Scarborough CC LH Summer op"]
[Site "Toronto CAN"]
[Date "2010.06.03"]
[Round "5"]
[White "Bellomo, Joe"]
[Black "Bzikot, Robert"]
[Result "0-1"]
[WhiteElo "1742"]
[BlackElo "1943"]
[PlyCount "102"]
[EventDate "2010.04.29"]
[EventType "swiss"]
[EventRounds "8"]
[EventCountry "CAN"]

1. e4 c6 2. d4 g6 3. Nf3 d6 4. Bd3 Nf6 5. O-O Bg7 6. Re1 O-O 7. Nbd2 Qc7 8. Nf1
b5 9. Ng3 a6 10. Bf4 Nbd7 11. Qc1 Re8 12. Bh6 Bh8 13. Qg5 Nf8 14. e5 Ng4 15.
Bxf8 Rxf8 16. h3 f6 17. Qd2 fxe5 18. hxg4 exd4 19. Ng5 e5 20. Qe2 d5 21. Qd1 e4
22. N3xe4 dxe4 23. Bxe4 Ra7 24. c3 Bf6 25. Qb3+ Kg7 26. Ne6+ Bxe6 27. Qxe6 dxc3
28. Bf3 cxb2 29. Rab1 c5 30. g5 Bd4 31. Qh3 Qf7 32. Qh6+ Kh8 33. Re2 Bg7 34.
Qh2 Qxa2 35. Be4 Qf7 36. Qd6 Qe7 37. Qg3 Qc7 38. Qh3 Qd6 39. Bf3 Re7 40. Be4 a5
41. Qb3 Qd4 42. Rd1 Qa4 43. Qd5 c4 44. Re3 Qb4 45. Bxg6 Rxe3 46. fxe3 hxg6 47.
Qe4 Qb3 48. Re1 Qd3 49. Qh4+ Kg8 50. Qh3 b1=Q 51. Qe6+ Rf7 0-1

[Event "Scarborough CC LH Summer op"]
[Site "Toronto CAN"]
[Date "2010.06.03"]
[Round "5"]
[White "Casareno, Erwin"]
[Black "Lin, Tony (Juntao)"]
[Result "0-1"]
[WhiteElo "2156"]
[BlackElo "1780"]
[PlyCount "120"]
[EventDate "2010.04.29"]
[EventType "swiss"]
[EventRounds "8"]
[EventCountry "CAN"]

1. e4 c5 2. Nf3 d6 3. d4 cxd4 4. Nxd4 Nf6 5. Nc3 Nc6 6. Bc4 e6 7. O-O a6 8. Be3
Be7 9. f4 Nxd4 10. Bxd4 b5 11. Bd3 Bb7 12. Qf3 O-O 13. Rad1 Qc7 14. Qh3 e5 15.
fxe5 dxe5 16. Nd5 Bxd5 17. exd5 e4 18. Rxf6 Bxf6 19. Bxf6 Qb6+ 20. Kh1 Qxf6 21.
Bxe4 g6 22. b3 b4 23. Qd3 Qd6 24. c4 bxc3 25. Qxc3 Rfe8 26. Bf3 Qe5 27. Qxe5
Rxe5 28. Kg1 Rc8 29. d6 Rd8 30. Bd5 Kf8 31. Bb7 Re6 32. d7 Ke7 33. Bc8 Re2 34.
a4 Re3 35. b4 Re4 36. Rb1 Re5 37. Kf2 Kd6 38. Kf3 f5 39. b5 axb5 40. axb5 Kc7
41. b6+ Kb8 42. b7 Re4 43. Ra1 Rb4 44. Re1 g5 45. Re5 Rf4+ 46. Kg3 h5 47. h3
h4+ 48. Kh2 g4 49. hxg4 fxg4 50. Ra5 Rb4 51. Rh5 h3 52. gxh3 gxh3 53. Kxh3 Rg8
54. Rd5 Rb1 55. Kh2 Rb6 56. d8=Q Rh6+ 57. Bh3+ Rxd8 58. Rxd8+ Kxb7 59. Kg3 Rf6
60. Bg4 Kc7 0-1